MDQL
is popping MORE tags! Check the
thread
!
Quizzes
Events
Quiz Creation
Community
Videos
Private Events
Remove Ads
Sign In
Join for FREE
Feedback
Dark Mode
Quiz Categories
Sports
Geography
Music
Movies
Television
Just For Fun
Miscellaneous
History
Literature
Language
Science
Gaming
Entertainment
Religion
Holiday
For Kids
Quiz Lab
Recent
Popular Today
Quiz Kudos Today
Editor Picks
Curator Picks
Quizzes by...
Day
Popularity
Type
Ratings
Length
Year
Community
Subscriptions
Recent Discussions
Orange Saloon
Badges
Playlists
Quests
Create
Leaderboards
Showdown
Live 5
Trivia Bingo
Activity
Puzzle Library
Sporcle Events
Private Events
Virtual Trivia
Globe League
Become a Host
Pub Owners
SporcleCon
Opinionation
Our Games
Videos
Blog
Mobile Apps
Partnerships
Remove Ads and Go Orange
Feedback
Just For Fun
Clickable
Get the Picture
Humor
Quick Pick
Word Ladder
Missing Word
Mixed Word
Blitz
Minefield
This or That
Alphabet
Color
Typing
Sporcle
Puzzle
Word Play
Follow That Line
Logic
Just For Fun
Clickable
Get the Picture
Humor
Quick Pick
Word Ladder
Missing Word
Mixed Word
Blitz
Minefield
This or That
Alphabet
Color
Typing
Sporcle
Puzzle
Word Play
Follow That Line
Logic
Random Quiz
Search Sporcle
×
Quiz Lab
Quiz Lab
Just For Fun
Amazon
Type in answers that appear in a list
Type in answers that appear in a list
Classic
Best Score? Go Orange.
Amazon's Bestselling Products of 2010 Stats
Can you name the Bestselling Products on Amazon in 2010?
By
ccloo
4m
11 Questions
17 Plays
17 Plays
17 Plays
Comments
Comments
Give Quiz Kudos
Give Quiz Kudos
-
- Ratings
hide this ad
Replay
Link that replays current quiz
Next Quiz
Link to next quiz in quiz playlist
You Got
0%
They Got
Avg Score
12%
Avg Friend Score
Upgrade to see
Score Distribution
Jump to the score distribution portion of the page
Score
0/11
Timer
04:00
0
Plays Today
Category
Product
% Correct
Electronics
Kindle
82.4%
Kindle Books
The Girl With the Dragon Tattoo
23.5%
Video Game
Call of Duty Black Ops
11.8%
Books
The Girl Who Kicked the Hornet's Nest
5.9%
Music
The Gift
5.9%
Computers
MacBook Pro
5.9%
Software
Microsoft Office
5.9%
Movies (DVD)
The Blind Side
0%
MP3 Album
Speak Now
0%
MP3 Song
I Gotta Feeling
0%
Wireless & Accessories
Android Phone
0%
Quiz Playlist
Details
Report
Send in Message
Add To Playlist
Classic:
Type in answers that appear in a list
Quiz Source
Last Updated: Feb 16, 2017
Quiz Scoreboard
CHALLENGE
Sign Up to Join the Scoreboard
Show All
Scores
Hide
Comments
May contain spoilers
Recently Published
Colored Red Africa Blitz
by spor1
Geography
30s
Find the 'City' Movie
by crazypaving
Movies
60s
5x2 Blitz: Bands
by SL_Kpop136
Music
30s
More to Explore
Quiz From the Vault
Featured Blog Post
14 Easter Pick-up Lines to Find Eggs With
hide this ad
You Might Also Like...
Tags
2010
Amazon
Best Selling
Category
product
Today's Top Quizzes in Just For Fun
Browse Just For Fun
hide this ad
Today's Top Quizzes in Amazon
Browse Amazon
Top Contributed Quizzes in Just For Fun
1
Name Just One - 10 to 1: Just For Fun
2
Ultimate Minefield Blitz VIII
3
Yarn Creations Logic Puzzle
4
Taylor Swift Logic Puzzle (Songs)
5
Kpop zombie apocalypse mystery (logic puzzle)
6
Survivor Winners Logic Puzzle
7
Quick 5-Color Logic (18)
8
Killer Double Trees 116 - Colour Mis-Match
9
Killer Double Trees 104 - Colour Mis-Match
10
Kyle's 122nd Triple Trees
Explore More
Trending Topics
Crossword
Harry Potter
Anime
Disney
Kpop
Marvel
NBA
Country
Pokémon
Soccer
Song
NFL
WWE
The Office
Puzzle
hide this ad
More By:
ccloo
Quiz
Plays
Rating
Category
Featured
Created
People's Sexiest Man Alive (1985-2010)
226
2.00
Entertainment
Apr 3, 2011
Age of Death (Famous/Historical Individuals)
120
4.00
Miscellaneous
Apr 3, 2011
Amazon's Bestselling Products of 2010
17
Just For Fun
Apr 3, 2011
Go to Creator's Profile
Score Distribution
Quiz Creator Spotlight
ccloo
Follow
Send a Message
Quizzes Created
-
Created Quiz Play Count
-
More By This Creator
Popular Quizzes Today
1
5x2 Blitz: Bands
2
Find the 'City' Movie
3
Colored Red Africa Blitz
4
Find the US States - No Outlines Minefield
5
The Countries of the World
6
Find the US States
7
9x9 Crossword: Cartoon Network
8
US States
More Just For Fun Quizzes
Mixed Word: Matt Damon
Published
Trending Quizzes
Colored Red Africa Blitz II
Colored Red Europe Blitz I
Christmas Pick: Judaism
Colored Red Africa Blitz III
Colored Red Europe Blitz II
Recently Updated
Champions League XIs: Real Madrid
pecheneg
Largest US Cities 1790-2010
pecheneg
Rides in Walt Disney World
pecheneg
Most Oscar Losses (Acting)
pecheneg
Beyoncé Albums
pecheneg
Leaping Animals
pecheneg
Reality TV Shows (A-Z)
bhenderson79
Rickey Henderson's Hall of Fame Teammates
pecheneg
Champions League XIs: Arsenal
pecheneg
Quick Pick: Celebrities in WWE's Hall of Fame
aduchscher
Trending Topics
Crossword
Harry Potter
Anime
NBA
Kpop
Marvel
Disney
Puzzle
The Office
WWE
Soccer
NFL
Country
Pokémon
Song
Your Account Isn't Verified!
In order to create a playlist on Sporcle, you need to verify the email address you used during registration. Go to your
Sporcle Settings
to finish the process.
Report this User
Report this user for behavior that violates our
Community Guidelines
.
Details:
Send Report
Go to the Sporcle.com Mobile Site →
Comments